<?xml version="1.0" encoding="UTF-8"?>
<record
    xmlns:xsi="http://www.w3.org/2001/XMLSchema-instance"
    xsi:schemaLocation="http://www.loc.gov/MARC21/slim http://www.loc.gov/standards/marcxml/schema/MARC21slim.xsd"
    xmlns="http://www.loc.gov/MARC21/slim">

  <leader>01103nam a2200145Ia 4500</leader>
  <controlfield tag="008">231221s9999    xx            000 0 und d</controlfield>
  <datafield tag="041" ind1=" " ind2=" ">
    <subfield code="a">English</subfield>
  </datafield>
  <datafield tag="245" ind1=" " ind2="0">
    <subfield code="a">Digit (1999 -</subfield>
  </datafield>
  <datafield tag="260" ind1=" " ind2=" ">
    <subfield code="c">Nov, 2001</subfield>
  </datafield>
  <datafield tag="440" ind1=" " ind2=" ">
    <subfield code="a">I</subfield>
  </datafield>
  <datafield tag="500" ind1=" " ind2=" ">
    <subfield code="a">Title changed into CHIP</subfield>
  </datafield>
  <datafield tag="510" ind1=" " ind2=" ">
    <subfield code="a">Connect, Bookmarks:Online dictrionaries Sitemap: Indolink.com Newletters: Downloads Indiasites,ISP Watch, Arena Section, Allgn it Magic &amp; Mayhem: The Art of Music Max Payne, South Park Mario Bros, Trickstyle Xonix32 Surge: Mp3 music double star  guilt mental sky trailers, Hardball princes diary wet hot summer, Gallery Screensavers Wallpapers, themes skins Droolmaal, Sensory science rave: Mp 2300Richo RDC-7 Digital camera Archos Technology MiniCDRW IBM blueeyes emotion Mouse 11 Sipix Pocket Printer A6 Trium Mondo Pocket PC Benwin EX-4 Tit- anium</subfield>
  </datafield>
  <datafield tag="650" ind1=" " ind2=" ">
    <subfield code="a">Connect, Bookmarks:Online dictrionaries Sitemap: Indolink.com Newletters: Downloads Indiasites,ISP Watch, Arena Section, Allgn it Magic &amp; Mayhem: The Art of Music Max Payne, South Park Mario Bros, Trickstyle Xonix32 Surge: Mp3 music double star  guilt </subfield>
  </datafield>
  <datafield tag="942" ind1=" " ind2=" ">
    <subfield code="c">CD</subfield>
  </datafield>
  <datafield tag="999" ind1=" " ind2=" ">
    <subfield code="c">202254</subfield>
    <subfield code="d">202254</subfield>
  </datafield>
  <datafield tag="952" ind1=" " ind2=" ">
    <subfield code="r">2024-01-26 00:00:00</subfield>
    <subfield code="l">0</subfield>
    <subfield code="p">CD484</subfield>
    <subfield code="h">-7</subfield>
    <subfield code="w">2024-01-26</subfield>
    <subfield code="y">CD</subfield>
    <subfield code="1">0</subfield>
    <subfield code="4">0</subfield>
    <subfield code="7">0</subfield>
    <subfield code="8">CL</subfield>
    <subfield code="0">0</subfield>
    <subfield code="a">ML</subfield>
    <subfield code="b">ML</subfield>
    <subfield code="d">0000-00-00</subfield>
    <subfield code="e">Allied  publ.</subfield>
    <subfield code="E">CS</subfield>
    <subfield code="L">05/08/2009</subfield>
    <subfield code="G">RS1</subfield>
    <subfield code="F">SB87</subfield>
    <subfield code="V">0</subfield>
    <subfield code="W">0</subfield>
  </datafield>
</record>
